RICS comment on the House of Lords debate of c 213 of the Levelling Up and Regeneration Bill (Record no. 121533)

MARC details
000 -LEADER
fixed length control field 01172nas a22001937a 4500
007 - PHYSICAL DESCRIPTION FIXED FIELD--GENERAL INFORMATION
fixed length control field ta
008 - FIXED-LENGTH DATA ELEMENTS--GENERAL INFORMATION
fixed length control field 230602e20230602xxk||||o |||| 00| 0 eng d
041 ## - LANGUAGE CODE
Language code of text/sound track or separate title eng
110 ## - MAIN ENTRY--CORPORATE NAME
9 (RLIN) 4900
Corporate author Royal Institution of Chartered Surveyors
245 ## - TITLE STATEMENT
Title RICS comment on the House of Lords debate of c 213 of the Levelling Up and Regeneration Bill
260 ## - PUBLICATION INFORMATION
Publisher RICS,
Date 1 June 2023
520 ## - ABSTRACT
Abstract The Levelling Up and Regeneration Bill (LURB) has continued its passage through the parliamentary process, and on Monday 22 May, it was debated in the UK House of Lords. RICS has engaged closely with its membership and stakeholders to input expert advice on many aspects of the Bill, (such as planning, compulsory purchase and infrastructure financing) and we continue to support the Government on its levelling up aims at this crucial time for the UK economy.
650 ## - KEYWORDS
Keywords LEVELLING UP AND REGENRATION BILL
650 ## - KEYWORDS
Keywords RICS
650 ## - KEYWORDS
Keywords SURVEYING PROFESSION
651 ## - SUBJECT ADDED ENTRY--GEOGRAPHIC NAME
Geographic name United Kingdom
710 ## - ADDED CORPORATE NAME
9 (RLIN) 4900
Added corporate author Royal Institution of Chartered Surveyors
856 ## - ONLINE RESOURCE
Uniform Resource Identifier https://www.rics.org/news-insights/rics-comment-house-of-lords-debate-c213-levelling-up-regeneration-bill
Public note View on RICS.org
Holdings
Withdrawn status Lost status Damaged status Koha normalized classification for sorting Not for loan Home library Current library Shelving location Date acquired Total Checkouts Full call number Date last seen Copy number Price effective from Koha item type
      ONLINE_PUBLICATION   Virtual Virtual Online 02/06/2023   ONLINE PUBLICATION 02/06/2023 1 02/06/2023 News article